South Eastern Kenya University

Library Online Public Access Catalogue


Teachers Matter, (Record no. 18753)

MARC details
000 -LEADER
fixed length control field 00567nam a22001817a 4500
003 - CONTROL NUMBER IDENTIFIER
control field OSt
005 - DATE AND TIME OF LATEST TRANSACTION
control field 20260210101452.0
008 - FIXED-LENGTH DATA ELEMENTS--GENERAL INFORMATION
fixed length control field 260210b |||||||| |||| 00| 0 eng d
020 ## - INTERNATIONAL STANDARD BOOK NUMBER
International Standard Book Number 9781442210776
040 ## - CATALOGING SOURCE
Original cataloging agency SEKU
050 ## - LIBRARY OF CONGRESS CALL NUMBER
Classification number LB 2835.25
Item number .W56 2012
100 ## - MAIN ENTRY--PERSONAL NAME
Personal name Winters A. Marcus
245 ## - TITLE STATEMENT
Title Teachers Matter,
Remainder of title Rethinking how public schools identify, reward, and retain great educators :
Statement of responsibility, etc. Marcus A. Winters.
260 ## - PUBLICATION, DISTRIBUTION, ETC. (IMPRINT)
Place of publication, distribution, etc. Lanham,
Name of publisher, distributor, etc. Rowman and Littlefield publishers, inc :
Date of publication, distribution, etc. 2012.
300 ## - PHYSICAL DESCRIPTION
Extent 153 p.
504 ## - BIBLIOGRAPHY, ETC. NOTE
Bibliography, etc Includes bibliography.
942 ## - ADDED ENTRY ELEMENTS (KOHA)
Source of classification or shelving scheme Library of Congress Classification
Koha item type General circulation
Holdings
Withdrawn status Lost status Source of classification or shelving scheme Damaged status Not for loan Home library Current library Date acquired Total Checkouts Full call number Date last seen Price effective from Koha item type
    Library of Congress Classification     Kitui Town Campus Library Kitui Town Campus Library 10/02/2026   LB 2835.25 .W56 10/02/2026 10/02/2026 General circulation
Kitui, Kenya.
+254736116989
library@seku.ac.ke